Zváranie rúr tranzitného plynovodu

Na minha lista:
Detalhes bibliográficos
Autor principal: Boroš, Ján (Author)
Outros Autores: Kovačócy, Pavel (Thesis advisor)
Formato: Manuscrito Livro
Idioma:eslovaco
Publicado em: 2020
Assuntos:
Acesso em linha:http://is.stuba.sk/zp/portal_zp.pl?podrobnosti=153633
Tags: Adicionar Tag
Sem tags, seja o primeiro a adicionar uma tag!

MARC

LEADER 00000ntm a22000003a 4500
001 stuzp78265
003 SK-STU
005 20200704211843.6
007 ta
008 150427s2015----xo-----f-mn---000-0-slo-d
040 |a STU  |b slo 
041 0 |a slo 
100 1 |a Boroš, Ján  |u 063000  |k Z4  |4 aut  |U MTF Materiálovotechnologická fakulta  |T MTF Ústav výrobných technológií  |X 80397  |U M3000  |Y 83  |7 80397 
242 0 1 |a Welding of transit gas pipelines  |y eng 
245 1 0 |a Zváranie rúr tranzitného plynovodu 
260 |c 2020 
650 4 |a tranzitný plynovod  |2 slo 
650 4 |a zváranie rúr  |2 slo 
650 4 |a ručné oblúkové zváranie obalenou elektródou  |2 slo 
650 4 |a potrubie  |2 slo 
650 4 |a transit gas pipelines  |2 eng 
650 4 |a manual metal arc  |2 eng 
650 4 |a welding  |2 eng 
650 4 |a shielded metal arc welding  |2 eng 
650 4 |a stick welding  |2 eng 
650 4 |a pipe welding  |2 eng 
700 1 |a Kovačócy, Pavel  |u 063100  |k Z1  |4 ths  |U MTF Ústav výrobných technológií  |T MTF Katedra zvárania a spájania materiálov  |X 4171  |U M3100  |Y 162  |7 A000004171 
856 4 |u http://is.stuba.sk/zp/portal_zp.pl?podrobnosti=153633 
996 |c M* DP-14164  |l MMSKP  |s P  |a 0  |w stuzp78265_0001